بلونت سنگھ کے بے مثال افسانے (Record no. 329170)

000 -LEADER
fixed length control field nam a22 7a 4500
003 - CONTROL NUMBER IDENTIFIER
control field Nust
005 - DATE AND TIME OF LATEST TRANSACTION
control field 20170425155605.0
008 - FIXED-LENGTH DATA ELEMENTS--GENERAL INFORMATION
fixed length control field 170425b xxu||||| |||| 00| 0 eng d
040 ## - CATALOGING SOURCE
Transcribing agency DLC
082 ## - DEWEY DECIMAL CLASSIFICATION NUMBER
Classification number 891.4393 FAR
100 ## - MAIN ENTRY--PERSONAL NAME
Personal name فاروقی،طاہر منصور
245 ## - TITLE STATEMENT
Title بلونت سنگھ کے بے مثال افسانے
260 ## - PUBLICATION, DISTRIBUTION, ETC.
Place of publication, distribution, etc. Lahore :
Name of publisher, distributor, etc. Alhamd Publications,
300 ## - PHYSICAL DESCRIPTION
Extent 332p. :
942 ## - ADDED ENTRY ELEMENTS (KOHA)
Source of classification or shelving scheme
Koha item type Book
Holdings
Withdrawn status Lost status Source of classification or shelving scheme Damaged status Not for loan Permanent Location Current Location Date acquired Total Checkouts Full call number Barcode Date last seen Date last checked out Price effective from Koha item type
          Central Library (CL) Central Library (CL) 04/25/2017 1 891.4393 FAR NIT-7461 03/21/2024 01/03/2022 04/25/2017 Book
© 2023 Central Library, National University of Sciences and Technology. All Rights Reserved.